| 000 | 00559nam a2200193 a 4500 | ||
|---|---|---|---|
| 005 | 20240924070410.0 | ||
| 008 | 991125c1973 car 000 0 spa u | ||
| 035 | _aUPN01000026671 | ||
| 049 | _aCG | ||
| 050 | 4 |
_aHG3881 _bW4.38 |
|
| 100 | 1 | _aWeil, Gordon L. | |
| 245 | 1 | 3 |
_aLa guerra del oro / _cGordon L. Weil y Ian Davidson ; tr. de María Victoria Suárez. |
| 260 |
_aCaracas : _bTiempo Nuevo, _c1973. |
||
| 300 | _a303 p. | ||
| 440 | 0 | _aTiempo nuevo | |
| 650 | 4 |
_aFinanzas internacionales _912047 |
|
| 700 | 1 |
_aDavidson, Ian, _ecoaut. |
|
| 905 | _aLibro | ||
| 999 |
_c26671 _d26671 |
||